[Event "Calvi Balagne op 05th"]
[Site "Calvi"]
[Date "2008.04.12"]
[Round "9"]
[White "Barsive, Mickael"]
[Black "Burghouwt, Petrus"]
[Result "0-1"]
[WhiteElo "1370"]
[BlackElo "1816"]
[PlyCount "44"]
[EventDate "2008.04.06"]
[EventType "swiss"]
[EventRounds "9"]
[EventCountry "FRA"]
[SourceTitle "CBM 123 Extra"]
[Source "ChessBase"]
[SourceDate "2008.05.06"]
[SourceVersion "1"]
[SourceVersionDate "2008.05.06"]
[SourceQuality "1"]

1. e4 Nc6 2. d4 e5 3. Nf3 exd4 4. c3 d5 5. exd5 Qxd5 6. cxd4 Bb4+ 7. Bd2 Bg4 8. Be2 0-0-0 9. 0-0 Bxf3 10. Bxf3 Qxd4 11. Bxc6 bxc6 12. a3 Bxd2 13. Nxd2 Qxd2 14. Qg4+ Rd7 15. Qxg7 Qd4 16. Qf8+ Kb7 17. b4 h5 18. h3 Nh6 19. Qc5 Qxc5 20. bxc5 Rd5 21. Rfc1 Nf5 22. Rc4 a5 0-1

[Event "Calvi Balagne op 03rd"]
[Site "Calvi"]
[Date "2006.02.20"]
[Round "2"]
[White "Burghouwt, Petrus"]
[Black "Akkanen, Timo"]
[Result "0-1"]
[WhiteElo "1590"]
[BlackElo "2039"]
[PlyCount "42"]
[EventDate "2006.02.19"]
[EventType "swiss"]
[EventRounds "9"]
[EventCountry "FRA"]
[SourceTitle "CBM 110 Extra"]
[Source "ChessBase"]
[SourceDate "2006.03.10"]
[SourceVersion "2"]
[SourceVersionDate "2006.03.10"]
[SourceQuality "1"]

1. Nc3 d5 2. e4 dxe4 3. Nxe4 Bf5 4. Ng3 Bg6 5. Nf3 Nd7 6. Bc4 e6 7. d3 Ngf6 8. 0-0 Bd6 9. Re1 0-0 10. Nh4 c6 11. Nxg6 hxg6 12. Ne4 Nxe4 13. Rxe4 Nf6 14. Bg5 Qc7 15. Bxf6 Bxh2+ 16. Kh1 gxf6 17. Rh4 Be5 18. Qg4 Kg7 19. Re1 f5 20. Qg5 Rh8 21. Rh3 Bf4 0-1